000
00259cam a22001097a 4500
008
180718b xxu||||| |||| 00| 0 eng d
082
_a
Y1503x5461 D378
100
_a
Delhi.
245
_a
The Delhi land reforms rules, 1954
260
_a
Delhi
_b
_c
300
_a
102p.
999
_c
399242
_d
399242